Hiszpansko - polski, polsko - hiszpanski
Guardat en:
| Autor principal: | |
|---|---|
| Format: | Llibre |
| Idioma: | Undetermined |
| Publicat: |
Varsovia, Polonia
Wydawnictwo Naukowe
2006
|
| Matèries: | |
| Etiquetes: |
Afegir etiqueta
Sense etiquetes, Sigues el primer a etiquetar aquest registre!
|
MARC
| LEADER | 00000nam a2200000Ia 4500 | ||
|---|---|---|---|
| 008 | 170316s9999 xx 000 0 und d | ||
| 040 | |a cru BVZT | ||
| 090 | |a REF | ||
| 100 | |a Cybulska - Janczew, Malgorzata; Pulido Ruiz, Jesús | ||
| 245 | |a Hiszpansko - polski, polsko - hiszpanski | ||
| 260 | |a Varsovia, Polonia | ||
| 260 | |b Wydawnictwo Naukowe | ||
| 260 | |c 2006 | ||
| 300 | |a 355 páginas | ||
| 650 | |a REFERENCIA | ||
| 650 | |a DICCIONARIO ESPAÑOL - POLACO Y POLACO ESPAÑOL | ||
| 942 | |c REF | ||
| 999 | |c 15014 |d 15014 | ||
